Most Searched Holiday Destinations #3 - Statistics

General Stats
  • This quiz has been taken 90 times
  • The average score is 112 of 150
Answer Stats
Hint Answer % Correct
Dominican Republic | Japan | Netherlands UK
100%
Dominican Republic USA
96%
Algeria | Argentina | Colombia | Mexico Brazil
94%
Algeria | Argentina | Austria | +7 others Spain
94%
Hong Kong China
93%
Algeria | Mexico | Netherlands France
93%
Algeria | Mexico | Romania Germany
93%
Argentina | Austria | Mexico | +3 others Italy
93%
Austria | Netherlands | Romania | +2 others Greece
91%
Japan | Malaysia Australia
88%
Hong Kong | Taiwan | Turkey Canada
88%
Algeria | Austria | Romania | Turkey Egypt
88%
Netherlands | Spain Portugal
88%
Hong Kong | Malaysia | Taiwan | UAE Japan
85%
Japan South Korea
85%
Austria | UAE Austria
84%
Malaysia Indonesia
84%
Argentina | Austria | Japan | +3 others Thailand
84%
Colombia | Dominican Republic | Mexico Argentina
82%
Taiwan India
82%
Argentina | Colombia | Dominican Republic | +4 others Cuba
81%
Japan | Malaysia New Zealand
81%
Hong Kong | Japan Taiwan
79%
Algeria Morocco
78%
Argentina | Colombia | Dominican Republic | Mexico Chile
76%
Algeria | UAE Malaysia
76%
Hong Kong | Malaysia | Taiwan | UAE Switzerland
75%
Argentina | Colombia | Dominican Republic | +2 others Colombia
74%
Austria | Malaysia | Netherlands | Romania Turkey
74%
Hong Kong | Japan | Malaysia | +2 others Singapore
72%
Japan Philippines
69%
Taiwan South Africa
69%
Hong Kong | Japan | Malaysia | Taiwan Vietnam
69%
Austria | Spain Croatia
68%
Argentina | Dominican Republic | Mexico Costa Rica
66%
Argentina | Colombia | Spain Ecuador
66%
Algeria Tunisia
65%
Romania | Turkey Cyprus
63%
Colombia | Dominican Republic Venezuela
63%
Austria | Romania Bulgaria
62%
Hong Kong | Taiwan Cambodia
60%
Dominican Republic Dominican Republic
57%
Algeria Algeria
56%
Hong Kong | Japan | Malaysia | Taiwan Hong Kong
56%
Netherlands | Romania | Spain Malta
56%
Austria | Malaysia | Turkey Maldives
53%
UAE Norway
51%
Argentina Paraguay
50%
Turkey | UAE Georgia
43%
Colombia | UAE Armenia
32%
Algeria Lebanon
29%
Turkey | UAE Azerbaijan
28%
Hong Kong Macau
21%
Colombia | Netherlands Aruba
19%
Netherlands Curacao
13%
Spain Grenada
12%
No matching quizzes found
Score Distribution
Percent of People with Each Score
Percentile by Number Answered
Your Score History
You have not taken this quiz